| 000 | 00547nam a2200205 a 4500 | ||
|---|---|---|---|
| 001 | BRCA_8162 | ||
| 005 | 20190320210146.0 | ||
| 008 | 060514s1960----nyu####g##---#000-0#eng-# | ||
| 041 | _aeng | ||
| 044 | _anyu | ||
| 050 | 4 |
_aPZ3 _b.G37 _c1960 |
|
| 100 | 1 |
_aGardner, Erle Stanley _910425 |
|
| 245 | 1 | 0 |
_aThe case of the duplicate daughter _cErle Stanley Gardner. |
| 260 |
_aNueva York _bWilliam Morrow _c1960 |
||
| 300 |
_a256 p. _c19 cm. |
||
| 500 | _aX63 | ||
| 650 | 1 | 4 |
_aNovela _vFicción _zEstados Unidos _920343 |
| 902 | _aGFM | ||
| 942 |
_2lcc _cB |
||
| 999 |
_c7830 _d7830 |
||